[Event "RUS-Cup06"]
[Site "Nizhnij Novgorod"]
[Date "1998.06.30"]
[Round "2"]
[White "Korotylev, Alexey"]
[Black "Balashov, Yuri S"]
[Result "1/2-1/2"]
[WhiteElo "2470"]
[BlackElo "2555"]
[Annotator "Yudasin,L"]
[PlyCount "50"]
[EventDate "1998.06.29"]
[EventType "swiss"]
[EventRounds "9"]
[EventCountry "RUS"]
[SourceTitle "EXT 2000"]
[Source "ChessBase"]
[SourceDate "1999.11.16"]
[SourceVersion "1"]
[SourceVersionDate "1999.11.16"]
[SourceQuality "1"]

1. d4 d6 2. e4 Nf6 3. Nc3 g6 4. Nf3 Bg7 5. Be3 a6 6. h3 $6 (6. a4 Nc6 7. d5 (7.
h3 O-O 8. Be2 e5 9. d5 Ne7 10. a5 Bd7 $132 {/\c6}) 7... Nb4 8. a5 c5 $2 (8...
e6 $13) 9. Ne2 Nxe4 10. c3) 6... b5 7. Bd3 O-O (7... Bb7 8. e5 (8. a3 $6 Nbd7 {
/\c5}) 8... Nfd7 9. e6 (9. exd6 cxd6 10. O-O Nf6 $10) 9... fxe6 10. Ng5 Nf8 11.
O-O $13) 8. e5 dxe5 9. dxe5 Nd5 10. Nxd5 (10. Be4 Nxe3) 10... Qxd5 11. Qe2 (11.
O-O Bb7 {/\Nc6-e5}) 11... Bb7 12. O-O (12. c4 bxc4 13. Bxc4 Qa5+ 14. Bd2 Bxf3
15. Bxa5 Bxe2 16. Kxe2 Bxe5) 12... Nc6 (12... Nd7 13. c4 bxc4 (13... Qe6 14.
Ng5 Qxe5 15. cxb5 axb5 16. Bxb5 $13 c6 17. Bc4) 14. Bxc4 Qc6 (14... Qe4 15. Bd3
Qd5 16. Bc4 $10) 15. Rac1) 13. c4 Qe6 (13... bxc4 14. Bxc4 Qa5 (14... Qe4 15.
Bd3 Qd5 16. Bc4 $10) 15. Bd2 (15. b4 Nxb4 16. Bd2 Bxf3 17. Qxf3 Bxe5 18. a3 (
18. Rae1 {/\Re5,Bf7,a3} Bf6 19. a3 Qc5 20. Bxf7+ Kxf7 21. Bxb4 Qf5 $13) 18...
Bxa1 19. Rxa1 Qc5 20. Bxf7+ Rxf7 21. Qxa8+ Rf8 $17) 15... Qc5 16. Bc3 Na5 17.
Bd3 Bxf3 18. gxf3 Nc6 19. Rfe1 $14) 14. cxb5 axb5 15. Be4 Rab8 (15... Bxe5 16.
Nxe5 Qxe5 17. Qf3 Nd4 18. Bxd4 Qxe4 19. Qxe4 Bxe4 20. Rfe1 $10) 16. Bf4 (16.
Qxb5 Ba8 17. Qd5 Qxd5 18. Bxd5 Nxe5 19. Nxe5 Bxe5 20. Bxa8 Rxa8 $17) 16... Qc4
(16... Nxe5 17. Bxb7 Rxb7 18. Nxe5 f6 19. Qg4) 17. Qe3 (17. Qxc4 bxc4 18. Rfc1
Na5 19. Bxb7 Rxb7 20. Bd2 Ra8 $10) 17... Nb4 18. Bxb7 Rxb7 19. Rfc1 Qd3 $10 20.
Qc5 Qe4 21. Be3 $8 Nd3 22. Qc2 Qc4 (22... c5 23. Bxc5 Rc8 24. b4) 23. Qxc4 bxc4
24. Rxc4 Nxe5 25. Nxe5 Bxe5 {26.Bd4 Bd4 27.Rb2 Rd7= Yudasin} 1/2-1/2

[Event "WchT 4th"]
[Site "Luzern"]
[Date "1997.10.30"]
[Round "6.3"]
[White "De Firmian, Nick E"]
[Black "Minasian, Artashes"]
[Result "0-1"]
[WhiteElo "2570"]
[BlackElo "2545"]
[Annotator "Yudasin,L"]
[PlyCount "94"]
[EventDate "1997.10.25"]
[EventType "team-tourn"]
[EventRounds "9"]
[EventCountry "SUI"]
[SourceTitle "CBM 062"]
[Source "ChessBase"]
[SourceDate "1998.01.31"]
[SourceVersion "1"]
[SourceVersionDate "1998.01.31"]
[SourceQuality "1"]
[WhiteTeam "US of America"]
[BlackTeam "Armenia"]
[WhiteTeamCountry "USA"]
[BlackTeamCountry "ARM"]

1. e4 d6 2. d4 g6 3. Nc3 c6 4. h3 Bg7 5. Nf3 Nf6 6. Bf4 (6. Be3 b5 7. Bd3 {
/\Qd2,00,000}) 6... O-O 7. Qd2 b5 (7... d5 8. e5 Ne4 9. Nxe4 dxe4 10. Ng5 c5
11. d5 f5 12. h4 h6 13. Nh3 Kh7 14. O-O-O Nd7 15. Qc3 Nb6 16. Qg3 c4 17. Ng5+
Kg8 18. Ne6 {- Dely,P-Bilek,I/HUN-ch 1973/MCD-ch}) 8. Bd3 (8. a3 a6 9. Rd1 Nbd7
10. e5 Ne8 11. Bd3 Nb6 12. O-O Be6 13. Rfe1 Nd5 {- Koploy,P-Silman,J/
California-ch 1996/EXT 97}) 8... Nbd7 (8... b4 9. Ne2 a5 10. O-O Na6 11. Ng3 c5
12. e5 Nd5 13. Bh6 Nac7 14. Bxg7 Kxg7 15. Nh5+ gxh5 16. Qg5+ Kh8 17. Qh6 f5 18.
Ng5 {1-0 Jackova,J-Tarachowicz,A/WchJW-U12 1993/TD 93\05}) 9. O-O (9. a4 b4 10.
Ne2 e5 11. dxe5 dxe5 12. Be3 a5 13. Ng3 Qe7 $11) (9. e5 b4 10. exf6 bxc3 11.
Qxc3 Nxf6 12. Qxc6 Rb8 $44) (9. Bh6 $5) 9... e5 10. Bh6 a6 11. Rfe1 Bb7 12. a3
(12. Rad1 Re8 13. dxe5 dxe5 14. Bxg7 Kxg7 15. Qe3 $11) 12... Re8 13. Bxg7 Kxg7
14. dxe5 dxe5 15. Ne2 $2 (15. Qe3 $11) (15. a4 $5 $11) 15... c5 16. Ng3 c4 17.
Bf1 Nc5 $17 18. Rad1 Qxd2 19. Nxd2 Rad8 {/\Rd4} 20. f3 (20. b4 Ncxe4 (20...
Nfxe4 21. Ndxe4 Rxd1 22. Nxc5 Rxe1 23. Nxb7 Ra1 $19) 21. Ndxe4 Rxd1 22. Rxd1
Nxe4 23. Nxe4 Bxe4 24. c3 Re6 $19) 20... Na4 21. b3 Nc3 22. bxc4 Nxd1 $19 23.
Rxd1 Bc6 24. Bd3 Nd7 25. Nb3 Nb6 26. cxb5 Bxb5 27. Ne2 Na4 28. Rd2 Re7 29. Kf2
Red7 30. Ke3 Nb2 31. Nec1 Rd6 32. Na5 R8d7 33. g3 f5 34. exf5 gxf5 35. Bxb5
axb5 36. Rxd6 Rxd6 37. Nd3 Nxd3 38. cxd3 Ra6 39. Nb7 Rxa3 40. Nc5 Kf6 41. g4
Rc3 42. Nd7+ Ke6 43. Nf8+ Ke7 44. Nxh7 f4+ 45. Ke2 b4 46. g5 Rc4 47. Nf6 b3 0-1

[Event "Politiken zt"]
[Site "Munkebo"]
[Date "1998.09.10"]
[Round "1.1"]
[White "Brynell, Stellan"]
[Black "Agrest, Evgenij"]
[Result "1-0"]
[WhiteElo "2485"]
[BlackElo "2545"]
[Annotator "Yudasin,L"]
[PlyCount "77"]
[EventDate "1998.09.10"]
[EventType "k.o."]
[EventRounds "5"]
[EventCountry "DEN"]
[SourceTitle "CBM 067"]
[Source "ChessBase"]
[SourceDate "1998.11.30"]
[SourceVersion "2"]
[SourceVersionDate "1998.11.01"]
[SourceQuality "1"]

1. e4 d6 2. d4 g6 3. Nf3 Bg7 4. Be2 Nf6 5. Nc3 O-O 6. O-O Bg4 7. h3 Bxf3 8.
Bxf3 Nc6 9. Ne2 e5 10. c3 (10. d5 Ne7 11. c4 Nd7 12. Nc3 f5 $132) 10... Kh8 11.
b4 $5 (11. Re1 Qd7 {/\RAE8}) 11... Qe8 (11... exd4 12. cxd4 Nxb4 13. Rb1 Nxa2
$2 14. Bg5 a5 15. Qb3 Nb4 16. e5 $16) 12. Rb1 (12. d5 Ne7 13. c4 Nd7) 12... Nd7
$6 (12... exd4 13. cxd4 Nxe4 14. b5 (14. d5 Nb8 15. Qc2 f5 (15... Nf6 16. Qxc7
Nbd7 $132 {/\Ne5}) 16. Qxc7 Rf7 17. Qc4 (17. Qc2 Nd7 18. Bb2 Rc8 19. Bxg7+ Rxg7
20. Qb2 Ne5 21. Bxe4 fxe4 22. Nf4 $14) 17... Nd7 $132) 14... Na5 15. Qc2 d5 16.
Qxc7 Qd8 $10) 13. Re1 Rg8 14. Qd3 Qf8 15. d5 Ne7 16. c4 f5 17. Nc3 Nf6 (17...
f4 18. Bg4) 18. c5 h5 $5 (18... a6 19. cxd6 (19. Bg5 h6 20. Bxf6 Bxf6 21. Rec1
$36) 19... cxd6 20. b5 $13) 19. Bg5 $1 Bh6 $2 (19... a6) 20. Bxh6 Qxh6 21. Nb5
$1 g5 (21... Ne8 22. Nxc7 Nxc7 23. cxd6) 22. cxd6 Ng6 $2 (22... cxd6 23. Nxd6
Rg7 24. Nxf5 Nxf5 25. exf5 g4 26. Be4 (26. Rxe5 gxf3 27. Qxf3 Rag8 28. g3 h4
29. g4 Rxg4+ 30. hxg4 Nxg4 31. Re6 Ne5+ 32. Kf1 Qxe6 33. fxe6 Nxf3 34. d6 Kg7
$13) 26... gxh3 27. Qxh3 Rag8 28. g3 (28. Rbd1 Nxe4 29. Rxe4 Rxg2+ 30. Qxg2
Rxg2+ 31. Kxg2 Qg5+ 32. Kf1 Qxf5 33. Re3 Qg4 34. Rdd3 $16) 28... h4 (28... Qd2
29. Bf3 (29. Qh4 Ng4 30. Rf1 Nxf2 31. Rxf2 Rxg3+ $19) (29. Bg2 Ng4 30. Rf1 $13)
(29. Rbd1 Qxb4 30. Bf3 Qd6 $146) 29... e4 30. Bg2 Ng4 $13) 29. Rb3) 23. dxc7
Nf4 (23... g4 24. Nd6 Qf4 25. exf5 (25. g3 Qxf3 26. Re3 fxe4 (26... Nf4 27.
Rxf3 Nxd3 28. Rxd3 $18) 27. Qb3 $18) 25... Nh4 $13) 24. Qc3 g4 25. Nd6 $1 Nxh3+
(25... gxf3 26. Nf7+ Kh7 27. Nxh6 Rxg2+ 28. Kh1 Rxf2 29. Qxe5) (25... Qg6 26.
exf5 Qg7 27. g3 (27. hxg4 hxg4 28. Bd1 N6xd5 29. Qxe5 $18) 27... gxf3 $13) 26.
gxh3 gxf3+ 27. Kh1 Qf4 (27... Qg7 28. Rg1 Ng4 29. Qxf3) 28. Qxe5 $1 $18 Qxe5
29. Nf7+ Kh7 30. Nxe5 Rae8 31. exf5 Nxd5 32. Rbd1 Nxc7 33. f6 Rc8 $8 34. Rd7+
Kh6 35. f7 Rgf8 36. Rg1 b6 37. Rd6+ Kh7 38. Rg5 Rcd8 39. Rdg6 {Yudasin} 1-0

[Event "New York op"]
[Site "New York"]
[Date "1998.03.17"]
[Round "4"]
[White "Arizmendi Martinez, Julen Luis"]
[Black "Minasian, Artashes"]
[Result "0-1"]
[WhiteElo "2480"]
[BlackElo "2570"]
[Annotator "Yudasin,L"]
[PlyCount "138"]
[EventDate "1998.03.16"]
[EventType "swiss"]
[EventRounds "9"]
[EventCountry "USA"]
[SourceTitle "CBM 064"]
[Source "ChessBase"]
[SourceDate "1998.06.02"]
[SourceVersion "1"]
[SourceVersionDate "1998.06.02"]
[SourceQuality "1"]

1. e4 g6 2. d4 c6 3. Nc3 (3. f4) 3... d6 (3... d5 4. Nf3 Bg4) 4. Nf3 Bg7 5. a4
(5. Be3 b5 (5... Bg4 6. Be2) 6. Bd3 Nf6 7. h3) 5... Nf6 6. Be2 O-O 7. O-O a5 (
7... Qc7) (7... Bg4) 8. Re1 Na6 9. h3 Nb4 10. Be3 (10. Bf1 {/\Bf4,Qd2,/\Nb1,c3,
Na3}) 10... b6 $5 (10... Qc7 {/\e5}) 11. Qd2 d5 $5 (11... Re8 12. Rad1 Qc7 13.
e5 Nfd5 14. Nxd5 Nxd5 15. Bh6 $14) 12. e5 Ne4 13. Nxe4 (13. Qc1 c5) 13... dxe4
14. Ng5 c5 $1 15. Rad1 (15. dxc5 Qxd2 16. Bxd2 Nxc2) (15. Nxe4 cxd4 16. Bxd4
Nxc2) (15. c3 cxd4 16. Bxd4 (16. cxd4 Bb7 17. Bc4 Rc8 18. b3 Bd5 {/\h6}) 16...
Bxe5) 15... cxd4 16. Bxd4 Nc6 17. c3 $6 (17. Bc3 Qxd2 18. Rxd2 Nxe5 19. Nxe4
Bb7 20. Bb5 $14) 17... Bb7 18. Bc4 Qc7 (18... Nxe5 19. Bxe5 Qxd2 20. Rxd2 Bxe5
21. Rd7) 19. Qf4 (19. Rxe4 Nxd4 20. Rxd4 Bxe5 21. Rh4 Bf6) (19. Nxe4 Nxe5 20.
Bb3 Nc6 (20... Rad8 $6 21. Qe3 Qc6 22. f3 Nd7 23. Bxg7 Kxg7 24. Ng5 $36) 21.
Bxg7 Kxg7 22. Qd7 Rac8 $10) 19... e6 (19... Nxd4 20. Bxf7+ Kh8 21. Qh4 h6 22.
cxd4) (19... Nxe5 20. Bxf7+ Rxf7 21. Bxe5 Rxf4 22. Bxc7 Rf5 23. Nxe4) 20. Bb5 (
20. Qxe4 Nxd4 21. Qxd4 Rad8 22. Qf4 Rxd1 23. Rxd1 Bxe5 24. Qh4 h5) 20... Nxd4 (
20... Nxe5 21. Nxe4) (20... Bxe5 21. Bxe5 Qxe5 22. Qh4 Qg7 23. Rxe4) 21. cxd4
Bh6 $8 22. Qh4 (22. Nxe6 Bxf4 23. Nxc7 Rac8 24. Na6 Rc2 (24... Rfd8 25. b4) (
24... Ra8 25. Nc7 Rac8 $10) 25. g3 Bh6 26. d5 Ra8 27. d6 $10) 22... Bxg5 23.
Qxg5 Rac8 24. Rd2 (24. Rc1 Qd8 25. Qe3 Qd5 $15) 24... Bd5 25. h4 $1 f6 $1 26.
exf6 Qd8 27. f7+ (27. h5 Qxf6 28. Qxf6 Rxf6 29. hxg6 Rxg6 $36 30. Ree2) 27...
Kxf7 28. Qxd8 Rfxd8 29. Kf1 Ke7 (29... Bc4+ 30. Bxc4 Rxc4 31. Rxe4 Rxa4 32. Ke2
$15) 30. Ke2 Rf8 31. Ke3 Rf5 32. Rdd1 (32. Be2 $5 {/\g4,Bg4}) 32... g5 (32...
Rc2 33. Re2 Rc7 34. Ree1) 33. Rc1 $1 Rg8 (33... Rcf8 34. Rc7+ Kd8 35. Rec1) (
33... Rxc1 34. Rxc1 Kd8 $14) 34. Rc7+ Kf6 35. h5 (35. hxg5+ Rgxg5 36. Bf1 Rg7
37. Rec1 h5 $10) 35... g4 (35... h6 36. Rh7 g4 37. Rxh6+ Kg5 38. Rh7 Rc8 39.
Rg7+) (35... Rg7 36. Rxg7 Kxg7 37. Be2 Bb3 38. Bg4 Rf7 39. Rc1 $13) 36. Rxh7 g3
$1 37. Rf1 $2 (37. Rh6+ Kg5 (37... Ke7 38. Rc1 Kd8 39. Rh7) 38. Rg6+ Rxg6 39.
hxg6 gxf2 40. Rf1 Kxg6 41. Rxf2 Rg5 $15) 37... gxf2 38. Rxf2 Rg3+ 39. Ke2 Rb3
$36 40. Rxf5+ exf5 41. Rd7 Rxb2+ 42. Kf1 $2 (42. Ke3 Be6 (42... Bf7 43. h6 Rxg2
) 43. Rd6 Ke7 44. Rxb6 Rxg2 45. h6 Rh2 46. h7 $13) 42... Bf7 43. h6 Rb1+ 44.
Kf2 f4 $1 {/\Bh5,e3} 45. h7 Rh1 46. g3 Rh2+ 47. Kg1 fxg3 48. h8=Q+ Rxh8 49. Kg2
Be8 50. Rd6+ Kf5 51. Kxg3 (51. Rxb6 Bxb5 52. axb5 e3 53. Kf3 Rg8) 51... Rg8+
52. Kf2 Bxb5 53. Rd5+ $2 (53. axb5 Rg6 54. Rd8 $132) 53... Kf4 54. Rxb5 e3+ 55.
Ke2 Rg2+ 56. Kf1 Rd2 $1 $17 57. Rxb6 Rxd4 58. Ke2 Rxa4 59. Rf6+ Ke5 60. Rh6 Ra3
61. Rh5+ Ke4 62. Rh4+ Kf5 63. Rh5+ (63. Rh8 Ke4 64. Re8+ (64. Rh4+) 64... Kd4
65. Rd8+ Kc4 66. Rc8+ Kb4 67. Rb8+ Ka4 {/\Rb3,Ka3}) 63... Kg4 64. Rc5 (64. Rh8
a4 65. Ra8 Kf4 66. Rf8+ Ke4 67. Re8+ Kd4 68. Rd8+ Kc4 69. Rc8+ Kb3 70. Rb8+ Kc2
71. Ra8 Ra1 72. Kxe3 a3 73. Rc8+ Kb2 74. Rb8+ Ka2 75. Kd2 Rb1 76. Ra8 Kb2 77.
Rb8+ Ka1 78. Ra8 a2 79. Kc2 $10) 64... Kf4 65. Rc4+ Ke5 66. Rh4 $4 (66. Rc8 $13
) 66... a4 $19 67. Rg4 (67. Rh5+ Kd4 (67... Kf4 68. Rh4+ Kg3 69. Re4 Ra1 70.
Rxe3+ Kf4 71. Rd3 a3 72. Rd2 a2 73. Kd3 Ke5 74. Re2+ Kd5 75. Rd2 Kc5 76. Rc2+
Kb4 $19) 68. Rh4+ Kd5 69. Rh5+ Kc4 70. Rh4+ Kb3 71. Kxe3 Ra2 72. Rh8 $10) 67...
Ra1 68. Kxe3 a3 69. Ra4 a2 0-1

[Event "New York op"]
[Site "New York"]
[Date "1998.03.16"]
[Round "2"]
[White "Ziatdinov, Raset"]
[Black "Chernin, Alexander"]
[Result "0-1"]
[WhiteElo "2515"]
[BlackElo "2645"]
[Annotator "Yudasin,L"]
[PlyCount "82"]
[EventDate "1998.03.16"]
[EventType "swiss"]
[EventRounds "9"]
[EventCountry "USA"]
[SourceTitle "CBM 064"]
[Source "ChessBase"]
[SourceDate "1998.06.02"]
[SourceVersion "1"]
[SourceVersionDate "1998.06.02"]
[SourceQuality "1"]

1. e4 g6 2. d4 Bg7 3. Nf3 d6 4. Be2 Nf6 5. Nc3 O-O 6. O-O Bg4 7. Be3 Nc6 8. d5
Nb8 {Chernin/} (8... Bxf3 9. Bxf3 Ne5 10. Be2 c6 $14) 9. Ng5 {Very unusual
move and successful try to play a new move in the position that five more
moves have already played!} (9. h3 Bxf3 10. Bxf3 c6 (10... Nbd7 11. Be2 c6 12.
dxc6 bxc6 13. Qd2 Qc7 14. Rad1 Rfd8 15. f4 $14 {Janosevic,D-Ivkov,B/Sarajevo
1968/1-0 (61)}) 11. Qd2 (11. a4 a5 12. Nb1 Nbd7 13. g3 Nb6 14. Bg2 Qc7 15. Ra2
Rfe8 16. b3 Nfd7 17. c4 Nb8 18. Qd2 $14 {Arbakov,V-Chernin,A/Bern 1995}) (11.
g4 $6 cxd5 12. exd5 Nbd7 13. g5 Ne8 14. Be2 Rc8 $13 {Hrivnak,V-Novak,I/SVK-ch
1981/1-0 (63)}) (11. dxc6 Nxc6 12. Qd2 Rc8 13. Be2 Ne5 14. Rad1 Qc7 15. Bd4 Nc4
16. Bxc4 Qxc4 17. Qe3 a6 18. Rd2 $11 {Smits,M-Doggers,P/NLD-chJM U20 1995/1/
2-1/2 (54)}) 11... Nbd7 12. Rad1 Qc7 13. Rfe1 a6 14. Be2 Rfe8 15. Bf1 b5 16. a3
Nb6 17. Bxb6 Qxb6 18. dxc6 Qxc6 19. Nd5 Nd7 20. c3 Nb6 21. Nxb6 Qxb6 22. Qe3
$11 {1/2-1/2 Teschner,R-Parma,B/EU-chT 1965 (30)}) (9. Nd2 $146 Bxe2 10. Nxe2 {
1/2-1/2 Moldovan,D-Marin,M/Ciocaltea mem 1997 (25)} (10. Qxe2 {HarZvi,R} c6 11.
Nc4 $2 Nxe4 12. Nxe4 cxd5 $17)) (9. Qd2 {HarZvi,R} c6 10. Rad1 (10. Rfe1 Re8
$146 (10... Qc7 11. Rad1 Nbd7 12. Bh6 (12. Nd4 $5 Bxe2 13. Qxe2) 12... Bxf3 13.
Bxf3 Bxh6 14. Qxh6 a6 15. Qd2 Rfe8 (15... cxd5 16. exd5 Ne5 17. Be2 b5 $5 18.
f4 Ned7 19. Bf3 Nb6 $132) 16. dxc6 (16. Be2 cxd5 17. exd5 b5 18. a3 Nb6 $15)
16... bxc6 17. b3 Red8 18. Be2 Nf8 19. Bd3 (19. f4 e5 20. Bc4 Qb6+ 21. Kh1 Ng4
22. Re2 exf4 23. Qxf4 Ne5 $15) 19... e5 20. Bc4 {Rytshagov,M-Chernin,A/Erevan
olm 1996/CBM 55/[Belov]/0-1 (40)}) 11. Rad1 Nbd7 12. dxc6 bxc6 {Befestigt b5}
13. Nd4 Bxe2 14. Qxe2 Qc7 15. Qa6 Rec8 16. f3 {Kontrolliert g4} Qb6 17. Qxb6
Nxb6 18. b3 {Sichert a4+c4} d5 19. Nde2 e6 20. Bd4 Rab8 21. a4 a6 {Überdeckt b5
} 22. Nc1 Nfd7 $14 (22... Nbd7 23. N3e2 $11) 23. Bxg7 Kxg7 24. Nd3 Rb7 25. a5
Na8 26. b4 $11 (26. Na4 Nc7 $14) 26... Nc7 $14 (26... c5 27. exd5 cxb4 28. Ne4
Rxc2 29. dxe6 fxe6 30. Nxb4 $16) 27. Na4 d4 28. Rc1 e5 29. c3 Ne6 30. cxd4 Nxd4
31. Rc4 Rcb8 32. Kf2 Rb5 33. Rec1 h5 34. Nac5 Nxc5 35. Rxc5 f6 {Sichert e5} 36.
Ke3 {1/2-1/2 Solak,D-Marin,M/Ciocaltea mem 1997}) 10... Qa5 11. a3 Rc8 12. b4
Qc7 13. Bd4 Nbd7 14. Rfe1 a5 $132 {Blatny,P-Chernin,A/Pardubice 1993 58/151 
[Chernin,A]} (14... a5 15. e5 Nxd5 16. Ng5 Bxe2 17. e6 f6 18. exd7 Qxd7 19.
Nxd5 cxd5 {Blatny,P-Chernin,A/Pardubice 1993/CBM 37/[Blatny,P]/1/2-1/2 (31)}))
(9. a4 {HarZvi,R} a5 (9... c6 10. a5 a6 (10... Qc7 11. Nd4 Bxe2 12. Qxe2 Nbd7
13. a6 c5 14. Ndb5 Qc8 15. axb7 Qxb7 16. Ra2 a6 17. Na3 Nb6 18. Rfa1 Nfd7 19.
Nab1 c4 20. Nd2 Rfc8 21. Nf3 e6 22. dxe6 fxe6 23. Bd4 Nc5 24. Qe3 Bxd4 25. Qxd4
Qc6 26. Ra5 Ra7 27. Rd1 Rd7 28. h4 e5 29. Qe3 Kg7 30. Nh2 Rf7 31. Qd2 {1-0
Boensch,U-Baumegger,S/EU-ch, Athens GRE 1997}) 11. Nd2 Bxe2 12. Qxe2 Nbd7 13.
Nc4 Nxe4 14. Nxe4 cxd5 15. Nb6 dxe4 16. Nxa8 Qxa8 17. Bg5 Bxb2 18. Rab1 Bf6 19.
Qxe4 b5 20. Qh4 Qc6 21. Rfe1 Re8 22. Re2 Qc3 23. Qg4 Bxg5 24. Qxg5 Nf6 25. h3
Kg7 26. Rbe1 e6 27. Rd1 d5 28. Rd3 Qa1+ 29. Kh2 Ne4 30. Qf4 Qxa5 31. f3 Nf6 32.
g4 e5 33. Qg3 Qc7 34. Rde3 {Braga,C-Martin del Campo,R/Manila olm 1992/0-1 (45)
}) 10. Nd2 Bxe2 11. Qxe2 c6 12. Nc4 Nfd7 13. Rad1 Ne5 14. Nxe5 Bxe5 15. Bd4
Bxd4 16. Rxd4 Nd7 17. Rd3 Qb6 $15 {Sutovskij,E-Chernin,A/Rishon le Zion 1994})
(9. Nd4 Bxe2 10. Qxe2 (10. Ndxe2 c6 11. a4 Na6 12. a5 Qd7 13. f3 Rac8 14. Qd2
Qd8 15. Rfd1 Nd7 16. Bd4 Ne5 17. b3 c5 18. Bf2 Nc7 19. f4 Nd7 20. Bh4 Qe8 21.
Rf1 b5 22. Rae1 b4 23. Nd1 Nb5 24. Ne3 Nd4 25. Nc4 Nxe2+ 26. Rxe2 Bd4+ 27. Kh1
f6 28. Qd3 Qf7 29. Qf3 Rfe8 30. g4 Rcd8 31. Bg3 Rf8 32. f5 Kh8 33. Rg2 Rg8 34.
Bf2 Ne5 {Teschke,O-Slobodjan,R/Berliner Sommer 1996/0-1 (59)}) 10... c5 11. Nf3
Qb6 12. Rab1 Qa6 13. Qd2 Ng4 14. Bg5 Re8 15. Qf4 Ne5 16. Nxe5 Bxe5 17. Qh4 Qc4
$1 $132 {Chatalbashev,B-Popchev,M/Cacak/1991/}) 9... Bxe2 10. Qxe2 c6 11. Rad1
Qa5 $5 {[%cal Ga5a6]} 12. f4 Qa6 (12... Qb4 $5 13. Bc1 Nbd7) (12... cxd5 13. e5
$1 Ne4 $1 14. Nxd5 Nxg5 15. fxg5 Bxe5 (15... Nc6 16. exd6 exd6 17. Qc4 $1 $14
Bxb2 $140 $6 18. c3 {[%csl Rb2,Rf6][%cal Gd5f6]}) 16. Nxe7+ Kg7 17. Rxd6 $5 {
[%csl Rg7]} (17. Bd4 $5) 17... Qb4 18. Rfd1 $1 $13) 13. Qf3 Nbd7 (13... h6 14.
Nh3 cxd5 (14... Nbd7 $5) 15. e5 $5 Ne8 (15... dxe5 16. fxe5 Nfd7 17. Nxd5 Nxe5
18. Nxe7+ Kh8 (18... Kh7 19. Ng5+ Kh8 20. Qh3 $36) 19. Qe4 $36 {[%cal Ge4h4,
Re3h6]}) 16. Nxd5 Nc6 $13 (16... e6 17. Ne7+ Kh8 18. Rd3 $1 (18. Ng5 $5))) 14.
Qh3 {[%cal Gh3d7,Rg5h7]} h6 $8 (14... Rad8 $2 15. dxc6 (15. e5 $5 dxe5 16. fxe5
{[%cal Rf1f6]} Nxe5 17. Rxf6 h6 $1 18. Rf4 $3 {[%csl Ra6][%cal Rf4a4]} hxg5
$140 19. Ra4 $18 {[%csl Ra6]}) 15... Qxc6 16. e5 $1 dxe5 17. fxe5 {[%cal Rf1f6]
} Nh5 (17... Nxe5 18. Rxf6 $1 Rxd1+ 19. Nxd1 $18) 18. e6 $1 fxe6 19. Rxf8+ Rxf8
20. Qxe6+ $1 Qxe6 21. Nxe6 $18) 15. Nf3 {[%cal Ge4e5,Gh3d7] /\e5} h5 $6 {
[%cal Gf6g4]} (15... Nb6 $142 $5 {[%cal Gb6d5,Gb6c4]}) 16. Bd4 $2 (16. f5 $1 {
[%csl Re6]} Ng4 17. Bd4 $36 {+/=}) 16... c5 17. Bxf6 (17. Bf2 $6 Ng4) (17. Be3
Ng4 18. Bd2 b5) 17... Nxf6 18. Qh4 $5 {[%cal Ge4e5] /\e5} (18. e5 Ng4 $15)
18... b5 {[%csl Re4][%cal Gb5b4]} 19. Ne2 $6 (19. e5 $142 b4 $1 20. Nb1 (20.
exf6 Bxf6 $19 {[%cal Rb4c3]}) 20... Ng4 $15 {[%cal Ra6a2,Rg4e3]}) 19... Qa4 $5
{[%cal Ra4e4,Ra4c2]} (19... Qxa2 $5 20. Ng3 Qxb2 $17) (19... Nxe4 $6 20. f5 $1
Nf6 21. fxg6 fxg6 22. Nf4 $44 {[%csl Re6,Rg6][%cal Rf4g6,Gf4e6]}) 20. Ng3 (20.
e5 $6 dxe5 21. fxe5 Qxh4 22. Nxh4 Ng4 {[%csl Rd1,Rf1][%cal Rg4e5,Gg4e3]}) (20.
Nc3 Qb4 21. e5 Qxb2 $1 22. Rd3 $1 {/\23.Rb1 Q:c2 24.Ne1} (22. exf6 Bxf6 $19)
22... Qxc2 $1 (22... c4 $5) 23. Ne1 Qb2 24. exf6 Bxf6 25. Qg3 c4 26. Rdf3 b4
$17) 20... Qxc2 (20... Nxe4 $4 21. b3 $1) 21. e5 dxe5 22. fxe5 Ng4 23. Rd2 (23.
Qxe7 Rae8 $5 (23... Bh6 $5) 24. Qxa7 Nxe5 25. Nxe5 Bxe5 $17) 23... Qc4 24. Qxe7
(24. d6 Nxe5 25. Qxc4 Nxc4 26. dxe7 Rfe8 $17) 24... Rae8 25. d6 $2 {Beautiful
move,but unfortunately doesn't help.} (25. Qxa7 $142 Nxe5 26. Nxe5 Bxe5 $17)
25... Bh6 $1 $19 {[%cal Rh6e3]} ({But not} 25... Rxe7 26. dxe7 Re8 $4 27. Rd8 {
and White suddenly wins.}) 26. b3 Qb4 (26... Qc3 $5 27. Ne4 Qe3+ 28. Nf2 Nxf2
29. Rfxf2 (29. Rdxf2 Rxe7 30. dxe7 Re8) 29... Rxe7 30. dxe7 Re8 31. Rd8 Qc1+
32. Rf1 Be3+ 33. Kh1 Qxf1+) 27. e6 $6 (27. Rdd1 $8 Rxe7 $1 (27... Be3+ 28. Kh1
Rxe7 $5 (28... Nf2+ 29. Rxf2 Bxf2 30. Qxa7 $17) 29. dxe7 Qa5 $1 (29... Nf2+ $4
30. Rxf2 Bxf2 31. Rd8 $18) 30. exf8=Q+ Kxf8 31. Ne4 Qxa2 $17) 28. dxe7 Qa5 $3
29. exf8=Q+ Kxf8 $19 {[%cal Rh6e3,Rg4e3] /\Be3;Ne3}) 27... Rxe7 28. dxe7 Bxd2
29. exf7+ (29. Nxd2 Qd4+ $1 (29... Qxd2 30. exf7+ Kg7 31. e8=Q Qd4+ 32. Kh1
Nf2+ 33. Rxf2 Qxf2 34. Qe5+ Kh7 $19) 30. Kh1 Nf2+ 31. Rxf2 (31. Kg1 Nh3+ 32.
Kh1 Qg1+ 33. Rxg1 Nf2#) 31... Qxf2 $19) 29... Kxf7 30. exf8=Q+ (30. Ne5+ Kxe7
31. Nc6+ Kd6 32. Nxb4 Rxf1+ 33. Kxf1 Bxb4 $19) 30... Kxf8 31. Nxd2+ Kg7 {
Now Black wins without any problems.} 32. Nge4 Qd4+ 33. Kh1 c4 34. bxc4 bxc4
35. h3 Ne3 36. Rf4 c3 37. Nf3 Qd1+ 38. Kh2 Nf1+ 39. Kg1 Nd2+ 40. Kf2 Nxe4+ 41.
Rxe4 c2 0-1